Countries The Who has Visited - Statistics

General Stats
  • This quiz has been taken 21 times
  • The average score is 24 of 27
Answer Stats
Continent Country % Correct
South America Argentina
100%
North America Canada
100%
Europe Finland
100%
Oceania Australia
94%
Europe Austria
94%
Europe Belgium
94%
Europe Denmark
94%
Europe France
94%
Europe Germany
94%
Europe Ireland
94%
Europe United Kingdom
94%
North America United States of America
94%
South America Brazil
88%
South America Chile
88%
Europe Italy
88%
North America Mexico
88%
Europe Portugal
88%
Africa South Africa
88%
Europe Spain
88%
Europe Sweden
88%
Asia Japan
82%
Oceania New Zealand
82%
Europe Norway
82%
Europe Switzerland
82%
Europe the Netherlands
76%
Europe Monaco
59%
Asia United Arab Emirates
53%
No matching quizzes found
Score Distribution
Percent of People with Each Score
Percentile by Number Answered
Your Score History
You have not taken this quiz